Chansons d'Indochine - Statistiques

Statistiques générales
  • Ce quiz a été pris 740 fois
  • Le résultat moyen est 47 sur 158
Statistiques - réponses
Réponse % Correct
L'Aventurier
95%
Alice et June
80%
Trois nuits par semaine
80%
J'ai demandé à la lune
78%
Le Baiser
76%
3e sexe
75%
Paradize
72%
Canary Bay
64%
Un jour dans notre vie
62%
Tes yeux noirs
60%
7000 danses
59%
Black City Parade
59%
Les Tzars
58%
Le Péril jaune (fermeture)
57%
Le Péril jaune (ouverture)
57%
College Boy
54%
Kao bang
53%
Electrastar
52%
Miss Paramount
52%
Dancetaria
50%
Mao Boy!
49%
Le Lac
48%
Des fleurs pour Salinger
47%
La Chevauchée des champs de blé
47%
Memoria
47%
June
45%
Salômbo
45%
Marilyn
44%
Little Dolls
43%
Un singe en hiver
43%
Dizzidence politik
42%
Le Grand Secret
42%
Punishment Park
42%
Drugstar
39%
Juste toi et moi
39%
Punker
39%
Justine
38%
Le Manoir
38%
Dunkerque
37%
À l'assaut (des ombres sur l'Ô)
36%
Ladyboy
36%
Leila
36%
L'Opportuniste
36%
Un ange à ma table
36%
Savoure le rouge
35%
Stef II
35%
Monte Cristo
34%
Atomic Sky
33%
Kissing My Song
33%
Satellite
33%
Traffic Girl
33%
Adora
32%
La Lettre de métal
32%
Popstitute
32%
Belfast
31%
La Nuit des fées
31%
Play Boy
31%
Françoise (Qu'est-ce qui t'a pris ?)
30%
Gang Bang
29%
Le fond de l'air est rouge
29%
More...
29%
Wuppertal
29%
Republika
28%
Dark
27%
Kill Nico
27%
Rose Song
27%
Astroboy
26%
Go, Rimbaud Go!
26%
Le Dernier Jour
26%
Le Train sauvage
26%
Peter Pan
26%
She Night
26%
Je n'embrasse pas
25%
La Bûddha Affaire
25%
La Colline des roses
25%
À l'est de Java
24%
Docteur Love
24%
Echo-Ruby
24%
Indochine (Les 7 jours de Pékin)
24%
Les Silences de Juliette
24%
Manifesto (Les divisions de la joie)
24%
Talulla
24%
Ceremonia
23%
Les Portes du soir
23%
Like a Monster
23%
Morphine
23%
Pink Water 3
23%
Thea Sonata
23%
Un homme dans la bouche
23%
Anne et moi
22%
Le Grand Soir
22%
Le Message
22%
Okinawa
22%
Salomé
22%
Unisexe
22%
Venus
22%
Alertez Managua
21%
Hors-la-loi
21%
Je t'aime tant
21%
Junior Song
21%
Le Messie
21%
Révolution
21%
Une maison perdue…
21%
Bye Bye Valentine
20%
Coma, coma, coma
20%
Crash Me
20%
Les Citadelles
20%
Mire-Live
20%
Bienvenue chez les nus
19%
Comateen 1
19%
Europane (ou Le Dernier Bal)
19%
Halleluya
19%
L'Amoureuse
19%
L World
19%
Vibrator
19%
Anyway
18%
Il y a un risque (Le Mépris)
18%
Pink Water 2
18%
Razzia
18%
Black Page
17%
La main sur vous
17%
La Sécheresse du Mékong
17%
Les plus Mauvaises Nuits
17%
Nous demain
17%
Starlight
17%
Sur les toits du monde
17%
Sweet Dreams
17%
Union War
17%
You Spin Me Round
17%
Candy prend son fusil
16%
Harry Poppers
16%
Les aubes sont mortes
16%
Pavillon rouge
16%
Ultra S.
16%
Un grand carnaval
16%
Black Ouverture
15%
Ce soir, le ciel
15%
Crystal Song Telegram
15%
Le Pacte
15%
Tom & Jerry
15%
Belle et Sebastiane
14%
La Promesse
14%
D'ici mon amour
13%
Mexicane Syndicate
13%
Shanghaï
13%
Tant de poussière
13%
Vietnam Glam
13%
The Lovers
12%
La Machine à rattrapper le temps
11%
Les Années Bazar
11%
Persane Thème
11%
Republika Meteor Ouverture
11%
Some Days
11%
Soudain l'été dernier, je suppose
10%
Aujourd'hui je pleure
9%
Tonkin
9%
Trashmen
9%
We Are the Young
9%
Aucun quiz correspondant
Distribution des résultats
% des personnes avec chaque résultat
Percentile par nombre de réponses
Votre historique - résultats
Vous n’avez pas pris ce quiz